00197nam a2200073Ia 4500082001500000245002300015100004400038008004100082 aZUL F MAGW 0aHlwanyela uyovuna  a Magwaza, N B Pietermaritzburg, 2009 210816s9999 xx 000 0 und d